000
00204 a2200109 4500
020
_a
9788415241157
041
_a
spa
100
_a
Carmen Gil
245
_a
Las Cosas del Aire
942
_c
BK
952
_7
1
999
_c
24034
_d
24034